| 000 | 00716nam a2200229 i 4500 | ||
|---|---|---|---|
| 001 | bg | ||
| 100 | 1 | _aWILIMOWSKA, Zofia | |
| 245 | 1 | 0 |
_aFundusze inwestycyjne na polskim rynku / _cZofia Wilimowska, Marzena Madeła. |
| 260 |
_aWrocław : _bOficyna Wydawnicza Politechniki Wrocławskiej, _c1998. |
||
| 300 |
_a156 s. : _b2 fot., rys., wykr. (w tym kolor.) ; _c24 cm. |
||
| 504 | _aBibliogr. s. 155-156. | ||
| 650 | 9 | _aFundusz powierniczy | |
| 650 | 9 |
_aFundusz powierniczy _zPolska |
|
| 700 | 1 | _aMADEŁA, Marzena | |
| 020 | _a8370853544 | ||
| 040 | _cBPK | ||
| 041 | 0 | _apl | |
| 080 | _a336.722.8:336.767](438+73+410) | ||
| 920 | _a83-7085-354-4 | ||
| 942 | _cKS | ||
| 008 | s pl f |000 0 pol | ||
| 999 |
_c34512 _d34512 |
||
| 856 |
_uhttp://koha.tu.koszalin.pl/cgi-bin/koha/opac-detail.pl?biblionumber=34512 _yKatalog online BPK |
||